01013nam a22002777a 45000010005000000030006000050050017000110080041000280200018000690400029000870500018001160820010001341000028001442450083001722500032002552600043002873000044003304900018003745050008003925200203004005210029006035210020006326500034006526500024006867000025007107363FISKH20250710151850.0250710b cb ||||| |||| 00| 0 eng d a9781471144011 aFISKHbengcFISKHdFISKH aPZ7.R915935 D a813.6 aRussell, Rachel Renée aDork Diaries :bTales from a Not-So-Fabulous life /cBy Rachel Renée Russell aThis edition published 2015 aLondon :bSimon and Schuster , c2009. a282 pages : billustrations ;c20 cm .  aDork Diaries  aP  aFourteen-year-old Nikki Maxwell writes in her diary of her struggle to be popular at her exclusive new private school, then of finding her place after she gives up on being part of the elite group. 8 a650 bLexile estimate 8 aP bRaz-Plus  aFriendshipv Juvenile Fiction aPopularityvFiction aVega, LisaeDesigner